Israel's faith and hope : a message to the beloved of God.

Bibliographic Details
Corporate Author: Pilgrim Tract Society
Format: Microform Book
Language:English
Published: Randleman, N.C. : Pilgrim Tract Society, [1947]
Series:Opie collection of children's literature ; 043:252.
Subjects:

MARC

Tag First Indicator Second Indicator Subfields
LEADER 00000cam a2200000Ia 4500
001 in00002597613
005 20151201154639.0
007 he amb---bacp
007 hz bhb---babp
008 100122s1947 ncu b 000 0 eng d
035 |a (OCoLC)ocn501298236 
035 |a (OCoLC)501298236 
037 |a CL0021000043  |b ProQuest, 789 E. Eisenhower Parkway, Ann Arbor, MI 48108-3218 
040 |a UMI  |c UMI  |d UtOrBLW 
049 |a UMIA 
090 |a PZ5  |b .O67 1990 no.043:252. 
245 0 4 |a Israel's faith and hope :  |b a message to the beloved of God. 
264 1 |a Randleman, N.C. :  |b Pilgrim Tract Society,  |c [1947] 
300 |a 12 pages 
336 |a text  |b txt  |2 rdacontent 
337 |a microform  |b h  |2 rdamedia 
338 |a microfiche  |b he  |2 rdacarrier 
500 |a Cover title. 
500 |a Date of publication suggested by the Bodleian Library. 
500 |a Reproduction of original in the Bodleian Library. 
510 4 |a Opie,  |c LL 185 
533 |a Microfiche.  |b Ann Arbor, Mich. :  |c ProQuest,  |d 2001.  |e 1 microfiche ; 11 x 15 cm.  |f (Opie collection of children's literature ; 043:252).  |7 s2001 miun b 
500 |a Microform. 
650 0 |a Salvation  |x Christianity. 
600 0 0 |a Jesus Christ  |x Divinity. 
650 0 |a Jews. 
710 2 |a Pilgrim Tract Society. 
830 0 |a Opie collection of children's literature ;  |v 043:252. 
994 |a 02  |b UMI 
999 |a MARS 
999 f f |s 8f3ab067-08ed-3a05-9a6a-ff9a284f8a5f  |i 809bc8de-0200-3269-a667-21080c860cc5  |t 0 
952 f f |a Texas A&M University  |b College Station  |c Sterling C. Evans Library  |d Evans: Microforms Fiche (3rd floor)  |t 0  |e PZ5 .O67 1990 no.043:252.  |h Library of Congress classification 
998 f f |a PZ5 .O67 1990 no.043:252.  |t 0  |l Evans: Microforms Fiche (3rd floor)